[Event "España ch sub-18 2012"]
[Site "Salobreña ESP"]
[Date "2012.07.25"]
[Round "4.22"]
[White "Castillo Rodriguez, Angel Luis"]
[Black "Sanchez Garcia, Julio"]
[Result "1-0"]
[WhiteElo "1805"]
[BlackElo "2108"]
[PlyCount "63"]
[EventDate "2012.07.23"]
[EventType "swiss"]
[EventRounds "9"]
[EventCountry "ESP"]
[Source "lmi"]
[SourceDate "2012.07.23"]

1. e4 e6 2. b3 d5 3. Bb2 Nf6 4. e5 Nfd7 5. Qg4 c5 6. f4 Nc6 7. Nf3 g6 8. Be2
Bg7 9. O-O Qe7 10. c3 a6 11. Na3 b5 12. Nc2 Bb7 13. d4 O-O 14. Nh4 Rfc8 15. Ne3
f5 16. Qh3 b4 17. g4 bxc3 18. Bxc3 cxd4 19. gxf5 dxc3 20. fxg6 h6 21. Nxd5 exd5
22. Nf5 Qf8 23. Nd6 Rc7 24. Qe6+ Kh8 25. Nf7+ Kg8 26. Nxh6+ Kh8 27. Nf7+ Kg8
28. Ng5+ Kh8 29. Qh3+ Bh6 30. Nf7+ Kg8 31. Nxh6+ Kg7 32. Nf5+ 1-0

[Event "España ch sub-18 2012"]
[Site "Salobreña ESP"]
[Date "2012.07.25"]
[Round "4.23"]
[White "Santos Ruiz, Miguel"]
[Black "Sierra Soria, Maria"]
[Result "1-0"]
[WhiteElo "2106"]
[BlackElo "1772"]
[PlyCount "49"]
[EventDate "2012.07.23"]
[EventType "swiss"]
[EventRounds "9"]
[EventCountry "ESP"]
[Source "lmi"]
[SourceDate "2012.07.23"]

1. e4 d5 2. exd5 Qxd5 3. Nc3 Qd8 4. d4 Nf6 5. Bc4 c6 6. Nge2 Bf5 7. f3 e6 8. a3
Nbd7 9. g4 Bg6 10. h4 Nb6 11. Bd3 Bxd3 12. Qxd3 Qd7 13. Bg5 Nfd5 14. Ne4 h6 15.
Bd2 Be7 16. O-O-O Qc7 17. c4 Nf6 18. Bf4 Qd7 19. N2g3 O-O-O 20. Qc3 Nxe4 21.
Nxe4 h5 22. Nc5 Qe8 23. Qa5 Bxc5 24. dxc5 e5 25. cxb6 1-0

[Event "España ch sub-18 2012"]
[Site "Salobreña ESP"]
[Date "2012.07.25"]
[Round "4.24"]
[White "Norte Garcia, Andrea"]
[Black "Angeleri Gastanaga, Rodrigo N"]
[Result "1-0"]
[WhiteElo "1983"]
[BlackElo "2096"]
[PlyCount "67"]
[EventDate "2012.07.23"]
[EventType "swiss"]
[EventRounds "9"]
[EventCountry "ESP"]
[Source "lmi"]
[SourceDate "2012.07.23"]

1. e4 a6 2. c4 c5 3. Nf3 Nc6 4. d4 cxd4 5. Nxd4 Nf6 6. Nc3 d6 7. Be2 e6 8. O-O
Be7 9. Be3 Bd7 10. Rc1 O-O 11. f3 Nxd4 12. Bxd4 Qa5 13. Rb1 Qg5 14. f4 Qg6 15.
Bd3 Bc6 16. Qe2 Ng4 17. e5 f5 18. exf6 Qh5 19. Qxe6+ Rf7 20. h3 Bxf6 21. Bxf6
Nxf6 22. Qxd6 Re8 23. Rbd1 Rd7 24. Qb4 Red8 25. Nd5 Kh8 26. Nxf6 gxf6 27. Qc3
Kg7 28. Qc2 Qc5+ 29. Kh2 Qe3 30. Qe2 Qd4 31. Bf5 Qxd1 32. Rxd1 Rxd1 33. Qe7+
Kg8 34. Be6+ 1-0

[Event "España ch sub-18 2012"]
[Site "Salobreña ESP"]
[Date "2012.07.25"]
[Round "5.1"]
[White "Anton Guijarro, David"]
[Black "Sanchez Ibern, Marc"]
[Result "1-0"]
[WhiteElo "2490"]
[BlackElo "2364"]
[PlyCount "111"]
[EventDate "2012.07.23"]
[EventType "swiss"]
[EventRounds "9"]
[EventCountry "ESP"]
[Source "lmi"]
[SourceDate "2012.07.23"]

1. d4 Nf6 2. Nf3 g6 3. Bg5 Ne4 4. Bf4 d5 5. Nbd2 Bg7 6. e3 Nxd2 7. Qxd2 c5 8.
Be5 Bxe5 9. Nxe5 cxd4 10. exd4 f6 11. Bb5+ Bd7 12. Nxd7 Nxd7 13. O-O Qb6 14.
Bxd7+ Kxd7 15. Rfe1 Qd6 16. Re3 e6 17. Rae1 Rae8 18. Qe2 Re7 19. b3 Rhe8 20. c4
Kc8 21. c5 Qf4 22. Qd2 e5 23. g3 Qf5 24. f4 e4 25. Qa5 Kb8 26. b4 g5 27. Rf1
gxf4 28. Rxf4 Qg5 29. b5 Rg8 30. Kh1 Reg7 31. Re1 Qh5 32. b6 a6 33. c6 Rxg3 34.
Qc5 R3g7 35. Qd6+ Ka8 36. c7 Rc8 37. Qe6 Rgg8 38. Qf5 Qf7 39. Rg1 Rge8 40. Qxf6
Qd7 41. Qf7 Qb5 42. Rf6 e3 43. Re6 Rf8 44. Qe7 e2 45. Rxe2 Rfe8 46. Qxe8 Rxe8
47. Rxe8+ Qxe8 48. h3 Qf8 49. Kg2 Qf5 50. Rf1 Qg5+ 51. Kh1 Qg8 52. Rc1 Qc8 53.
Kh2 h6 54. Rc2 h5 55. Rc3 h4 56. Rc5 1-0

[Event "España ch sub-18 2012"]
[Site "Salobreña ESP"]
[Date "2012.07.25"]
[Round "5.2"]
[White "Tejedor Fuentes, Enrique"]
[Black "Forcen Esteban, Daniel"]
[Result "0-1"]
[WhiteElo "2254"]
[BlackElo "2457"]
[PlyCount "105"]
[EventDate "2012.07.23"]
[EventType "swiss"]
[EventRounds "9"]
[EventCountry "ESP"]
[Source "lmi"]
[SourceDate "2012.07.23"]

1. e4 c5 2. Nc3 a6 3. g3 b5 4. Bg2 Bb7 5. d3 e6 6. Nh3 d6 7. O-O Nf6 8. g4 Be7
9. g5 Nfd7 10. f4 O-O 11. Qg4 Re8 12. f5 Ne5 13. Qg3 Bf8 14. Nf4 g6 15. fxe6
fxe6 16. Bh3 Bc8 17. Be3 Nbc6 18. Rf2 Bg7 19. a3 Nf7 20. Nfe2 Nd4 21. Raf1 Rf8
22. Nc1 Qe7 23. Nd1 Bb7 24. c3 Nc6 25. Ne2 Nce5 26. Nc1 a5 27. Bg2 b4 28. h4
bxa3 29. bxa3 Ba6 30. Rd2 Rab8 31. Nb2 Nc6 32. Ne2 Rb3 33. h5 Rxa3 34. hxg6
hxg6 35. Rf6 Bxf6 36. gxf6 Ra1+ 37. Kh2 Qxf6 38. Nf4 Qg5 39. Nxe6 Qxg3+ 40.
Kxg3 Rb8 41. Nd1 Nce5 42. Nf2 a4 43. Bf4 a3 44. d4 Nc4 45. Rd3 a2 46. Ng4 Bc8
47. Nf6+ Kh8 48. Ng5 Nxg5 49. Bxg5 Rg1 50. Rf3 a1=Q 51. Ne8 Qe1+ 52. Kh2 Rxg2+
53. Kxg2 0-1

[Event "España ch sub-18 2012"]
[Site "Salobreña ESP"]
[Date "2012.07.25"]
[Round "5.3"]
[White "Suarez Uriel, Adrian"]
[Black "Ladron De Guevara Pinto, Paolo"]
[Result "0-1"]
[WhiteElo "2249"]
[BlackElo "2353"]
[PlyCount "60"]
[EventDate "2012.07.23"]
[EventType "swiss"]
[EventRounds "9"]
[EventCountry "ESP"]
[Source "lmi"]
[SourceDate "2012.07.23"]

1. e4 e6 2. d4 d5 3. Nd2 Nf6 4. e5 Nfd7 5. Bd3 c5 6. c3 Nc6 7. Ne2 cxd4 8. cxd4
f6 9. exf6 Qxf6 10. Nf3 h6 11. O-O Bd6 12. Ng3 O-O 13. Bc2 Rd8 14. Re1 Nf8 15.
Ne5 Bd7 16. Nh5 Qh4 17. Nf4 Be8 18. g3 Qf6 19. Qg4 Nxe5 20. dxe5 Bxe5 21. Qe2
Bd4 22. Nxe6 Bb5 23. Nxd4 Bxe2 24. Nxe2 Ne6 25. Bb3 a5 26. Rd1 Kh8 27. Nc3 Rf8
28. Bxd5 Qxf2+ 29. Kh1 Rad8 30. Nb1 Ra8 0-1

[Event "España ch sub-18 2012"]
[Site "Salobreña ESP"]
[Date "2012.07.25"]
[Round "5.4"]
[White "Alcaraz Ortega, Javier"]
[Black "Rodriguez Ferraz, Borja"]
[Result "1-0"]
[WhiteElo "2297"]
[BlackElo "2172"]
[PlyCount "61"]
[EventDate "2012.07.23"]
[EventType "swiss"]
[EventRounds "9"]
[EventCountry "ESP"]
[Source "lmi"]
[SourceDate "2012.07.23"]

1. Nf3 Nf6 2. c4 e6 3. d4 b6 4. g3 Bb7 5. Bg2 Be7 6. O-O O-O 7. Re1 Na6 8. Ne5
Bxg2 9. Kxg2 Bd6 10. Bg5 Nb8 11. Qd3 Be7 12. Nc3 d5 13. Rad1 h6 14. Bxf6 Bxf6
15. cxd5 exd5 16. Ng4 Be7 17. e4 Bb4 18. Ne3 dxe4 19. Qxe4 Nd7 20. Nf5 Nf6 21.
Qf3 Bxc3 22. bxc3 Kh7 23. Re5 Re8 24. Rde1 Qd7 25. Re7 Qa4 26. Rxf7 Qxa2 27.
Rxg7+ Kh8 28. Rxe8+ Rxe8 29. Rg6 Rf8 30. Rxh6+ Nh7 31. Rxh7+ 1-0

[Event "España ch sub-18 2012"]
[Site "Salobreña ESP"]
[Date "2012.07.25"]
[Round "5.5"]
[White "Meneses Gonzalez, Kevin Moises"]
[Black "Shen, Yue"]
[Result "0-1"]
[WhiteElo "2264"]
[BlackElo "2148"]
[PlyCount "122"]
[EventDate "2012.07.23"]
[EventType "swiss"]
[EventRounds "9"]
[EventCountry "ESP"]
[Source "lmi"]
[SourceDate "2012.07.23"]

1. e4 c6 2. d4 d5 3. Nc3 dxe4 4. Nxe4 Bf5 5. Ng3 Bg6 6. h4 h6 7. Nf3 Nd7 8. h5
Bh7 9. Bd3 Bxd3 10. Qxd3 e6 11. Bd2 Ngf6 12. O-O-O Be7 13. Ne4 Nxe4 14. Qxe4
Nf6 15. Qe2 Qc7 16. Ne5 Bd6 17. c4 b5 18. Ng4 Be7 19. Nxf6+ Bxf6 20. cxb5 cxb5+
21. Kb1 O-O 22. Be3 Qb7 23. g4 Rfd8 24. Rhg1 Qe4+ 25. Qd3 Qxd3+ 26. Rxd3 Rd5
27. Rgd1 Rc8 28. f3 Kh7 29. Rc3 Rcd8 30. Rc7 R8d7 31. Rxd7 Rxd7 32. Kc2 g6 33.
hxg6+ fxg6 34. Rh1 Bg7 35. Bxh6 Bxh6 36. g5 Rxd4 37. Rxh6+ Kg7 38. Rh3 e5 39.
Rh2 Rf4 40. Rh3 a5 41. Kd3 Kf7 42. Ke3 Ra4 43. a3 b4 44. Rh4 bxa3 45. Rh7+ Ke6
46. bxa3 Rxa3+ 47. Ke4 Ra4+ 48. Ke3 Rb4 49. Ra7 a4 50. Ra5 Kf5 51. Rc5 a3 52.
Ra5 Rb3+ 53. Kf2 Kf4 54. Ra4+ Kxg5 55. Ra5 Kf5 56. Kg3 g5 57. Ra4 Ke6 58. Kg4
Kd5 59. Ra5+ Kd4 60. Ra4+ Kc3 61. Kxg5 Kb2 0-1

[Event "España ch sub-18 2012"]
[Site "Salobreña ESP"]
[Date "2012.07.25"]
[Round "5.6"]
[White "Arnedo Ruiz, Alberto"]
[Black "Aranaz Murillo, Amalia"]
[Result "1/2-1/2"]
[WhiteElo "2124"]
[BlackElo "2248"]
[PlyCount "80"]
[EventDate "2012.07.23"]
[EventType "swiss"]
[EventRounds "9"]
[EventCountry "ESP"]
[Source "lmi"]
[SourceDate "2012.07.23"]

1. e4 c6 2. d4 d5 3. Nd2 dxe4 4. Nxe4 Bf5 5. Ng3 Bg6 6. h4 h6 7. Nf3 Nd7 8. h5
Bh7 9. Bd3 Bxd3 10. Qxd3 e6 11. Bf4 Qa5+ 12. Bd2 Bb4 13. c3 Be7 14. c4 Qc7 15.
d5 cxd5 16. cxd5 Qd6 17. Bc3 Ngf6 18. O-O-O Qxd5 19. Qxd5 Nxd5 20. Bxg7 Rh7 21.
Bd4 Bf6 22. Ne4 Bxd4 23. Nxd4 Ke7 24. Kb1 Rg7 25. g3 N7f6 26. Rhe1 Nxe4 27.
Rxe4 Nf6 28. Re5 Rg5 29. Rxg5 hxg5 30. Rc1 Rd8 31. Rc7+ Rd7 32. Rxd7+ Kxd7 33.
Nf3 Nh7 34. Kc2 Kd6 35. Kd3 g4 36. Nd2 Kd5 37. Nc4 f5 38. Ne3+ Ke5 39. Nc4+ Kd5
40. Ne3+ Ke5 1/2-1/2

[Event "España ch sub-18 2012"]
[Site "Salobreña ESP"]
[Date "2012.07.25"]
[Round "5.7"]
[White "Nicolas Zapata, Irene"]
[Black "Santos Ruiz, Miguel"]
[Result "1/2-1/2"]
[WhiteElo "2235"]
[BlackElo "2106"]
[PlyCount "122"]
[EventDate "2012.07.23"]
[EventType "swiss"]
[EventRounds "9"]
[EventCountry "ESP"]
[Source "lmi"]
[SourceDate "2012.07.23"]

1. d4 Nf6 2. Nf3 b6 3. e3 Bb7 4. Bd3 g6 5. O-O Bg7 6. c4 O-O 7. Nc3 c5 8. d5 d6
9. e4 e5 10. dxe6 fxe6 11. Bc2 Nc6 12. Nb5 d5 13. Ng5 Qd7 14. Nxe6 Qxe6 15.
cxd5 Qe7 16. dxc6 Bxc6 17. Qd6 Qxd6 18. Nxd6 Rfd8 19. Bb3+ Kf8 20. Nf7 Re8 21.
Ng5 Bb5 22. Re1 c4 23. Bc2 h6 24. Nf3 Nd7 25. Rb1 Nc5 26. Bf4 Rad8 27. e5 g5
28. Bg3 Nd3 29. Re4 Bc6 30. Rxc4 Bxf3 31. Bxd3 Rxd3 32. gxf3 Bxe5 33. Bxe5 Rxe5
34. f4 Re2 35. fxg5 hxg5 36. Rc8+ Kf7 37. Rc7+ Kg6 38. Rbc1 Rxb2 39. Rxa7 Rdd2
40. Rc6+ Kf5 41. Rf7+ Ke5 42. Rg6 Rxa2 43. Rxg5+ Ke6 44. Rgf5 b5 45. R7f6+ Ke7
46. Rb6 Rab2 47. Rh5 Kf7 48. Rf5+ Kg7 49. h4 Rd4 50. h5 Rg4+ 51. Kf1 Rb1+ 52.
Ke2 Kh7 53. Kf3 Rg7 54. Rff6 Re7 55. Rh6+ Kg8 56. Rbg6+ Rg7 57. Rb6 Rf7+ 58.
Kg3 Rg1+ 59. Kh2 Rf1 60. Rhg6+ Kh7 61. Rh6+ Kg8 1/2-1/2

[Event "España ch sub-18 2012"]
[Site "Salobreña ESP"]
[Date "2012.07.25"]
[Round "5.8"]
[White "Molina Rodriguez, Borja"]
[Black "Navarro Lopez-Menchero, Daniel"]
[Result "1-0"]
[WhiteElo "2124"]
[BlackElo "2230"]
[PlyCount "100"]
[EventDate "2012.07.23"]
[EventType "swiss"]
[EventRounds "9"]
[EventCountry "ESP"]
[Source "lmi"]
[SourceDate "2012.07.23"]

1. e4 c5 2. Nf3 d6 3. d4 cxd4 4. Nxd4 Nf6 5. Nc3 a6 6. Be3 Ng4 7. Bg5 Nc6 8. h3
Qa5 9. Bh4 Nf6 10. Nb3 Qh5 11. Qxh5 Nxh5 12. Nd5 Rb8 13. Nb6 Nf6 14. Bd3 Be6
15. f4 Nd7 16. Nxd7 Bxd7 17. c3 e5 18. f5 Be7 19. Bxe7 Nxe7 20. O-O Ng8 21. Na5
Nf6 22. Nc4 Ke7 23. Nb6 Bc6 24. Rfe1 Rhg8 25. c4 g6 26. fxg6 Rxg6 27. Nd5+ Bxd5
28. exd5 Rg3 29. Bf1 Rbg8 30. Kh2 Nh5 31. Rac1 Nf4 32. Rc2 b6 33. b4 Nd3 34.
Rb1 Re3 35. Rc3 Rgg3 36. Rbb3 e4 37. Ra3 f5 38. Rxa6 Nxb4 39. Rxe3 Rxe3 40.
Rxb6 Nxa2 41. c5 dxc5 42. d6+ Kd8 43. Bb5 Nc3 44. Bf1 Na2 45. Bc4 Nc3 46. Rb7
Re1 47. Rf7 Rd1 48. Bb5 Rd3 49. Bc6 e3 50. d7 e2 1-0

[Event "España ch sub-18 2012"]
[Site "Salobreña ESP"]
[Date "2012.07.25"]
[Round "5.9"]
[White "Quintin Navarro, Alberto"]
[Black "Sierra Montoya, Miquel"]
[Result "1-0"]
[WhiteElo "2210"]
[BlackElo "2051"]
[PlyCount "135"]
[EventDate "2012.07.23"]
[EventType "swiss"]
[EventRounds "9"]
[EventCountry "ESP"]
[Source "lmi"]
[SourceDate "2012.07.23"]

1. d4 Nf6 2. c4 g6 3. Nc3 Bg7 4. e4 d6 5. f3 O-O 6. Be3 c5 7. d5 Qa5 8. Qd2 e6
9. Nge2 exd5 10. cxd5 a6 11. Ng3 Nbd7 12. Be2 Re8 13. O-O b5 14. a3 Qd8 15. b4
Bb7 16. Rab1 Rc8 17. bxc5 Nxc5 18. a4 Nfd7 19. axb5 Bxc3 20. Qxc3 Nxe4 21. Qd4
Nxg3 22. hxg3 axb5 23. Bxb5 Rxe3 24. Qxe3 Bxd5 25. Rfd1 Nf6 26. Qd4 Be6 27.
Qxd6 Qxd6 28. Rxd6 Rb8 29. Bd3 Rxb1+ 30. Bxb1 Kg7 31. Kf2 Nd7 32. Ba2 Bxa2 33.
Rxd7 Be6 34. Ra7 h5 35. Ke3 Kf6 36. Kd4 Kf5 37. Kc5 Ke5 38. Ra1 Kf5 39. Kd6 Kf6
40. Kc7 Ke7 41. Re1 Kf6 42. Kd8 Bd5 43. Ke8 Be6 44. Kf8 Bd5 45. Rb1 Be6 46. Rb6
g5 47. Rb4 Bd5 48. Rb5 Be6 49. f4 gxf4 50. gxf4 Bf5 51. g3 Bg4 52. Rg5 Bf3 53.
Rg7 Bd5 54. Rg5 Bf3 55. Ra5 Bg4 56. Kg8 Bf5 57. Ra6+ Be6 58. Ra5 Bf5 59. Ra6+
Be6 60. Kh7 Kf5 61. Ra5+ Kg4 62. Rg5+ Kf3 63. f5 Bxf5+ 64. Rxf5+ Kxg3 65. Rxh5
Kg4 66. Kh6 f5 67. Rg5+ Kf4 68. Kg6 1-0

[Event "España ch sub-18 2012"]
[Site "Salobreña ESP"]
[Date "2012.07.25"]
[Round "5.10"]
[White "Capote Robayna, Nathaniel"]
[Black "Fernandez Lledo, Javier"]
[Result "0-1"]
[WhiteElo "2044"]
[BlackElo "2207"]
[PlyCount "88"]
[EventDate "2012.07.23"]
[EventType "swiss"]
[EventRounds "9"]
[EventCountry "ESP"]
[Source "lmi"]
[SourceDate "2012.07.23"]

1. e4 Nc6 2. d4 e5 3. Nf3 exd4 4. Nxd4 Nf6 5. Nc3 Bb4 6. Nxc6 bxc6 7. Bd3 d5 8.
exd5 cxd5 9. O-O O-O 10. Bg5 c6 11. Qf3 Be7 12. h3 h6 13. Bf4 Bd6 14. Rad1 Be6
15. Ne2 Bxf4 16. Nxf4 Qa5 17. b3 Rfe8 18. Rfe1 Bd7 19. Rxe8+ Rxe8 20. a4 Bc8
21. c4 Re1+ 22. Rxe1 Qxe1+ 23. Kh2 Qe5 24. Qe3 Nd7 25. Bc2 d4 26. Qg3 a5 27.
Nd3 Qxg3+ 28. Kxg3 c5 29. Bd1 Bb7 30. Bf3 Bxf3 31. Kxf3 f5 32. g4 fxg4+ 33.
Kxg4 Kf7 34. f4 g6 35. h4 Kf6 36. Ne1 h5+ 37. Kf3 Ke6 38. Nd3 Kf5 39. Kf2 Kg4
40. Kg2 Kxh4 41. Kf3 g5 42. Ne5 Nxe5+ 43. fxe5 g4+ 44. Kf4 g3 0-1

[Event "España ch sub-18 2012"]
[Site "Salobreña ESP"]
[Date "2012.07.25"]
[Round "5.11"]
[White "Urriza Iricibar, Pablo"]
[Black "Bals Hernandez, Jordi"]
[Result "1/2-1/2"]
[WhiteElo "1978"]
[BlackElo "2166"]
[PlyCount "98"]
[EventDate "2012.07.23"]
[EventType "swiss"]
[EventRounds "9"]
[EventCountry "ESP"]
[Source "lmi"]
[SourceDate "2012.07.23"]

1. e4 c5 2. Nf3 Nc6 3. d4 cxd4 4. Nxd4 Nf6 5. Nc3 d6 6. Be2 g6 7. f4 Bg7 8.
Nxc6 bxc6 9. e5 dxe5 10. Qxd8+ Kxd8 11. Bf3 e4 12. Nxe4 Nxe4 13. Bxe4 Bf5 14.
Bxf5 gxf5 15. c3 Kc7 16. Kd1 Bf6 17. Be3 Rhg8 18. g3 h5 19. Kc2 h4 20. Bf2 a6
21. a4 Rad8 22. a5 Rd5 23. Bb6+ Kc8 24. Rad1 hxg3 25. hxg3 Rxg3 26. Rhg1 Rxg1
27. Rxg1 e6 28. Rg8+ Kb7 29. Rf8 Rd7 30. Re8 Be7 31. b4 Bd6 32. Be3 Re7 33. Rd8
Bc7 34. Rf8 e5 35. Bc5 Rd7 36. fxe5 Bxe5 37. Re8 f6 38. Re6 f4 39. c4 f3 40. b5
cxb5 41. cxb5 Rc7 42. bxa6+ Kc8 43. Re8+ Kd7 44. Re7+ Kd8 45. Rxc7 Kxc7 46. a7
Kb7 47. a6+ Ka8 48. Kd2 Bh2 49. Ke1 Bg3+ 1/2-1/2

[Event "España ch sub-18 2012"]
[Site "Salobreña ESP"]
[Date "2012.07.25"]
[Round "5.12"]
[White "Villaseñor Rubio, Emilio Jose"]
[Black "Castillo Rodriguez, Angel Luis"]
[Result "1-0"]
[WhiteElo "2159"]
[BlackElo "1805"]
[PlyCount "93"]
[EventDate "2012.07.23"]
[EventType "swiss"]
[EventRounds "9"]
[EventCountry "ESP"]
[Source "lmi"]
[SourceDate "2012.07.23"]

1. e4 e6 2. d4 d5 3. Nc3 dxe4 4. Nxe4 Nd7 5. Bd3 Ngf6 6. Qe2 Be7 7. Nf3 O-O 8.
O-O Nxe4 9. Qxe4 Nf6 10. Qh4 Re8 11. Ne5 c5 12. dxc5 Bxc5 13. Bf4 a6 14. Rad1
Qe7 15. Ng4 h6 16. Bxh6 Nxg4 17. Qxg4 g6 18. Bg5 Qf8 19. Rfe1 Be7 20. Bxe7 Rxe7
21. Qg5 Rd7 22. Be4 Rb8 23. Qe5 Ra8 24. Rd4 Rxd4 25. Qxd4 Qe7 26. Rd1 e5 27.
Qd8+ Qxd8 28. Rxd8+ Kg7 29. Re8 Bf5 30. Rxa8 Bxe4 31. Rc8 Bc6 32. f3 f5 33. Kf2
Kf6 34. c4 e4 35. fxe4 Bxe4 36. g3 g5 37. Ke3 g4 38. Kf4 Ke7 39. b4 Kd7 40. Rf8
Ke6 41. Re8+ Kd6 42. Rxe4 fxe4 43. Kxe4 b5 44. c5+ Kc6 45. Ke5 a5 46. a3 axb4
47. axb4 1-0

[Event "España ch sub-18 2012"]
[Site "Salobreña ESP"]
[Date "2012.07.25"]
[Round "5.13"]
[White "Pardo Simon, David"]
[Black "Norte Garcia, Andrea"]
[Result "1-0"]
[WhiteElo "2421"]
[BlackElo "1983"]
[PlyCount "95"]
[EventDate "2012.07.23"]
[EventType "swiss"]
[EventRounds "9"]
[EventCountry "ESP"]
[Source "lmi"]
[SourceDate "2012.07.23"]

1. e4 c5 2. Nf3 e6 3. Nc3 a6 4. d4 cxd4 5. Nxd4 Qc7 6. g3 Bb4 7. Nde2 Nf6 8.
Bg2 Be7 9. O-O Nc6 10. h3 b5 11. Be3 Bb7 12. f4 O-O 13. g4 d6 14. a3 Na5 15. g5
Nd7 16. b3 Rfe8 17. Qe1 Rac8 18. Qf2 Bf8 19. Rad1 Qb8 20. h4 Nc6 21. h5 b4 22.
axb4 Nxb4 23. Rd2 Qa8 24. g6 fxg6 25. hxg6 Nf6 26. e5 Ne4 27. gxh7+ Kh8 28.
Bxe4 Bxe4 29. Rd4 d5 30. Nxe4 dxe4 31. c3 Nc2 32. Rd2 Nxe3 33. Qxe3 Bc5 34. Nd4
Qb7 35. b4 Ba7 36. Kh2 Rc4 37. Rfd1 Rec8 38. Qe2 Qf7 39. Qg4 e3 40. Rd3 Rxc3
41. Rxc3 Rxc3 42. Nxe6 Rc2+ 43. Kg3 Bb6 44. Ng5 Qb7 45. Qf3 Qxf3+ 46. Kxf3 Rf2+
47. Ke4 Rd2 48. Rh1 1-0

[Event "España ch sub-18 2012"]
[Site "Salobreña ESP"]
[Date "2012.07.25"]
[Round "5.14"]
[White "Gomez Dieguez, David"]
[Black "Fernandez Diaz, Cristian"]
[Result "1-0"]
[WhiteElo "2081"]
[BlackElo "2162"]
[PlyCount "81"]
[EventDate "2012.07.23"]
[EventType "swiss"]
[EventRounds "9"]
[EventCountry "ESP"]
[Source "lmi"]
[SourceDate "2012.07.23"]

1. e4 e6 2. d4 d5 3. Nd2 Nc6 4. Ngf3 Nf6 5. e5 Nd7 6. Be2 f6 7. exf6 Qxf6 8.
Nf1 Bd6 9. Ne3 O-O 10. O-O h6 11. c3 Qf7 12. g3 Nf6 13. Nh4 e5 14. Nef5 Bxf5
15. Nxf5 Ne4 16. Nxd6 cxd6 17. f3 Nf6 18. b3 Rae8 19. Bb2 Qe7 20. Re1 e4 21. c4
Kh8 22. a3 Qd7 23. Qc2 dxc4 24. bxc4 d5 25. Rad1 dxc4 26. d5 Ne5 27. Bxe5 Rxe5
28. Bxc4 Rc8 29. fxe4 Qc7 30. Rc1 b5 31. Bd3 Qxc2 32. Bxc2 Nxd5 33. Bd3 Rxc1
34. Rxc1 Nf6 35. Rc7 Kg8 36. Rxa7 Nxe4 37. Ra5 Nd6 38. a4 Kf7 39. axb5 Ke6 40.
Ra6 Rd5 41. Bc4 1-0

[Event "España ch sub-18 2012"]
[Site "Salobreña ESP"]
[Date "2012.07.25"]
[Round "5.15"]
[White "Medarde Santiago, Luis Marcos"]
[Black "Amores Gago, Javier"]
[Result "1-0"]
[WhiteElo "2024"]
[BlackElo "2135"]
[PlyCount "61"]
[EventDate "2012.07.23"]
[EventType "swiss"]
[EventRounds "9"]
[EventCountry "ESP"]
[Source "lmi"]
[SourceDate "2012.07.23"]

1. e4 d6 2. d4 Nf6 3. Nc3 Nbd7 4. Nf3 e5 5. Bc4 Be7 6. O-O O-O 7. Re1 c6 8. a4
a5 9. b3 exd4 10. Nxd4 Nc5 11. Ba3 Re8 12. Qf3 Bf8 13. h3 Be6 14. Bxe6 Nxe6 15.
Nf5 Ng5 16. Qg3 Nh5 17. Qg4 g6 18. Rad1 gxf5 19. Qxh5 Nxe4 20. Nxe4 fxe4 21.
Qg4+ Kh8 22. Bb2+ f6 23. Rxe4 Rxe4 24. Qxe4 Bg7 25. Qe6 d5 26. Re1 Rb8 27. Qf7
Qg8 28. Qxf6 b5 29. Re7 Ra8 30. Bc1 bxa4 31. bxa4 1-0

[Event "España ch sub-18 2012"]
[Site "Salobreña ESP"]
[Date "2012.07.25"]
[Round "5.16"]
[White "Gutierrez Valero, Mario"]
[Black "Valhondo Morales, Ruben"]
[Result "0-1"]
[WhiteElo "2135"]
[BlackElo "2085"]
[PlyCount "144"]
[EventDate "2012.07.23"]
[EventType "swiss"]
[EventRounds "9"]
[EventCountry "ESP"]
[Source "lmi"]
[SourceDate "2012.07.23"]

1. d4 e6 2. c4 f5 3. Nf3 Nf6 4. e3 Be7 5. Bd3 O-O 6. O-O b6 7. Nbd2 Bb7 8. Qc2
d5 9. a3 c6 10. b3 Bd6 11. Bb2 Nbd7 12. cxd5 cxd5 13. Rfe1 Rc8 14. Qd1 Ne4 15.
Ne5 Bxe5 16. dxe5 Ndc5 17. Nxe4 fxe4 18. Be2 Ba6 19. Bxa6 Nxa6 20. b4 Qd7 21.
Qd2 Rc4 22. Rac1 Rfc8 23. Rxc4 Rxc4 24. f4 Qc8 25. Qd1 Rc2 26. Bd4 Nb8 27. Rf1
Nd7 28. Qg4 Nf8 29. Qg5 Rc1 30. Qe7 Rxf1+ 31. Kxf1 Qd7 32. Qxd7 Nxd7 33. a4 Kf7
34. Ke2 Ke7 35. g4 g6 36. Kf2 Nb8 37. Kg3 Nc6 38. Bc3 a6 39. b5 axb5 40. axb5
Na7 41. Bd4 Nc8 42. h4 h5 43. gxh5 gxh5 44. Kf2 Kf7 45. Kg3 Kg6 46. Kf2 Kf5 47.
Kg3 Na7 48. Bxb6 Nxb5 49. Bc5 Nc7 50. Bd6 Ne8 51. Bf8 Kg6 52. Kf2 Kf7 53. Bh6
Nc7 54. Bg5 Kg6 55. Be7 Kf7 56. Bg5 Kg7 57. Bd8 Ne8 58. Bg5 Kg6 59. Bd8 Ng7 60.
Bg5 Nf5 61. Ke2 Kf7 62. Bf6 Ke8 63. Kd2 Kd7 64. Bg5 Kc6 65. Bf6 Kc5 66. Bd8 Kc4
67. Bf6 d4 68. exd4 Kxd4 69. Bd8 e3+ 70. Ke2 Ke4 71. Bg5 Nd4+ 72. Ke1 Kf3 0-1

[Event "España ch sub-18 2012"]
[Site "Salobreña ESP"]
[Date "2012.07.25"]
[Round "5.17"]
[White "Cerrato Torrijos, Maria"]
[Black "Rey Malde, Henrique"]
[Result "1-0"]
[WhiteElo "2114"]
[BlackElo "1905"]
[PlyCount "92"]
[EventDate "2012.07.23"]
[EventType "swiss"]
[EventRounds "9"]
[EventCountry "ESP"]
[Source "lmi"]
[SourceDate "2012.07.23"]

1. d4 Nf6 2. Nf3 c5 3. e3 cxd4 4. exd4 d5 5. Bd3 Bg4 6. c3 Nbd7 7. Nbd2 e6 8.
Qc2 Bd6 9. O-O O-O 10. b3 Re8 11. c4 h6 12. c5 Bc7 13. h3 Bxf3 14. Nxf3 e5 15.
dxe5 Nxe5 16. Nxe5 Bxe5 17. Bb2 Rc8 18. b4 Bxb2 19. Qxb2 b6 20. c6 Rxc6 21. Bb5
Rce6 22. Bxe8 Qxe8 23. Rac1 Re2 24. Rc2 Rxc2 25. Qxc2 Qb5 26. Rc1 g6 27. Qb2
Kg7 28. Rc7 a5 29. a3 Qd3 30. Rc6 d4 31. Rd6 axb4 32. axb4 Qc3 33. Qb1 b5 34.
Qd1 Qxb4 35. Rxd4 Qc5 36. Rd8 Qc7 37. Qd4 Qc1+ 38. Kh2 Qc7+ 39. Rd6 Qe7 40. Rb6
g5 41. Rxb5 Qc7+ 42. g3 Qe7 43. Rb6 Kg6 44. Ra6 Kg7 45. Rc6 Kg6 46. h4 gxh4 1-0

[Event "España ch sub-18 2012"]
[Site "Salobreña ESP"]
[Date "2012.07.25"]
[Round "5.18"]
[White "Garcia Rodriguez, Sara"]
[Black "Jimenez Almeida, Luis David"]
[Result "1-0"]
[WhiteElo "2015"]
[BlackElo "2097"]
[PlyCount "85"]
[EventDate "2012.07.23"]
[EventType "swiss"]
[EventRounds "9"]
[EventCountry "ESP"]
[Source "lmi"]
[SourceDate "2012.07.23"]

1. e4 e6 2. d4 d5 3. Nd2 Be7 4. c3 c5 5. Bd3 Nc6 6. Ne2 cxd4 7. cxd4 dxe4 8.
Nxe4 Nf6 9. N4c3 O-O 10. O-O b6 11. h3 Bb7 12. Bf4 Rc8 13. Rc1 Nb4 14. Bb1 Nbd5
15. Be5 a6 16. a3 g6 17. Qd2 Bd6 18. Rfd1 Qe7 19. Nf4 Nxc3 20. Rxc3 Nd7 21.
Bxd6 Qxd6 22. Rg3 e5 23. Nh5 Kh8 24. Qh6 Rg8 25. Bf5 Rc6 26. Qg5 Nf8 27. Be4 f6
28. Nxf6 Qxf6 29. Qxf6+ Rxf6 30. Bxb7 exd4 31. Bxa6 Ne6 32. Bc4 Rd8 33. Rgd3
Nc5 34. Rxd4 Rdf8 35. f3 Kg7 36. b4 Na4 37. Rd7+ Kh6 38. R1d4 Nb2 39. Bb3 Rc6
40. Rh4+ Kg5 41. Rg4+ Kh6 42. Rd2 Rc1+ 43. Kh2 1-0